Normal view
MARC view
- Pande, G. N
Entry Personal Name
001 - CONTROL NUMBER
- control field: 45515
003 - CONTROL NUMBER IDENTIFIER
- control field: NUST
005 - DATE AND TIME OF LATEST TRANSACTION
- control field: 20210314133257.0
008 - FIXED-LENGTH DATA ELEMENTS
- fixed length control field: 210314|| aca||aabn | a|a d
040 ## - CATALOGING SOURCE
- Original cataloging agency: NUST
- Transcribing agency: NUST
100 ## - HEADING--PERSONAL NAME
- Personal name: Pande, G. N
670 ## - SOURCE DATA FOUND
- Source citation: Work cat.: (NUST): Pnde, g.n 45512, Computer methods in structural masonry-4 :, c1998.
